Logo BPK

Biblioteka

Politechniki Koszalińskiej

Wieś polska dwa lata po wstąpieniu do Unii Europejskiej ze szczególnym uwzględnieniem tzw. Ściany Wschodniej / (Rekord nr 52500)

Szczegóły MARC
000 -ETYKIETA REKORDU
podpole kontrolne o stałej długości 01266nam a2200301 i 4500
001 - NUMER KONTROLNY REKORDU
pole kontrolne bg
020 ## - MIĘDZYNARODOWY ZNORMALIZOWANY NUMER KSIĄŻKI - ISBN
ISBN 8389693313
040 ## - ŹRÓDŁO KATALOGOWANIA
Instytucja, która utworzyła rekord BPK
041 0# - KOD JĘZYKA
Kod języka tekstu pol
Kod języka oryginału eng
080 ## - UNIWERSALNA KLASYFIKACJA DZIESIĘTNA - UKD
UKD 338.43(438-11:4-67)]"2001/..."
920 ## - Międzynarodowy znormalizowany numer książki – ISBN
ISBN 83-89693-31-3
008 - POLE O STAŁEJ DŁUGOŚCI - DANE KONTROLNE
podpole kontrolne o stałej długości s pl f |000 0 pol
245 00 - TYTUŁ/ODPOWIEDZIALNOŚĆ
Tytuł Wieś polska dwa lata po wstąpieniu do Unii Europejskiej ze szczególnym uwzględnieniem tzw. Ściany Wschodniej /
Pozostałe elementy strefy tytułu i oznaczenia odpowiedzialności pod red. Andrzeja Stasiaka.
260 ## - STREFA ADRESU WYDAWNICZEGO
Miejsce wydania Warszawa :
Nazwa wydawcy/dystrybutora KPZK PAN,
Data publikacji, dystrybucji/powstania dokumentu 2006.
300 ## - STREFA OPISU FIZYCZNEGO
Objętość 203 s. :
Inne cechy fizyczne mapy ;
Rozmiary 21 cm.
490 1# - STREFA SERII I DOKUMENTU WIELOCZĘŚCIOWEGO - FORMA NIE DO WYSZUKIWANIA
Tytuł i oznaczenie odpowiedzialności serii Biuletyn / Polska Akademia Nauk. Komitet Przestrzennego Zagospodarowania Kraju,
ISSN 0079-3493 ;
Numeracja w obrębie serii z. 228
500 ## - UWAGI OGÓLNE
Tekst uwagi Materiały z konferencji, która odbyła się w Radzikowie k. Błonia 9-10 maja 2006 r.
500 ## - UWAGI OGÓLNE
Tekst uwagi Streszcz. ang. przy ref.
504 ## - UWAGA DOTYCZĄCA BIBLIOGRAFII
Informacje o bibliografii Bibliogr. przy ref.
610 29 - HASŁO PRZEDMIOTOWE W FORMIE NAZWY CIAŁA ZBIOROWEGO
Nazwa ciała zbiorowego lub nazwa geograficzna Unia Europejska
Określnik ogólny a Polska
-- rolnictwo
Określnik chronologiczny od 2004 r.
650 #9 - HASŁO PRZEDMIOTOWE W FORMIE NAZWY OGÓLNEJ LUB JEDNOSTKOWEJ
Nazwa ogólna lub geograficzna Wieś
Określnik ogólny gospodarka
Określnik geograficzny Polska
Określnik chronologiczny od 2004 r.
651 #9 - HASŁO PRZEDMIOTOWE W FORMIE NAZWY GEOGRAFICZNEJ
Nazwa geograficzna Polska Wschodnia
Określnik ogólny gospodarka
Określnik chronologiczny od 2004 r.
651 #9 - HASŁO PRZEDMIOTOWE W FORMIE NAZWY GEOGRAFICZNEJ
Nazwa geograficzna Polska
Określnik ogólny a Unia Europejska
-- rolnictwo
Określnik chronologiczny od 2004 r.
655 ## - TERMIN INDEKSOWY - OKREŚLENIE RODZAJU/FORMY DOKUMENTU
Określenie rodzaju/formy dokumentu Materiały konferencyjne
700 1# - HASŁO DODATKOWE - NAZWA OSOBOWA
Nazwa osobowa STASIAK, Andrzej
Daty związane z nazwą (1928- )
830 #0 - HASŁO DODATKOWE SERII LUB DOKUMENTU WIELOCZĘŚCIOWEGO - TYTUŁ UJEDNOLICONY
Tytuł ujednolicony Biuletyn (Polska Akademia Nauk. Komitet Przestrzennego Zagospodarowania Kraju) ;
Oznaczenie tomu z. 228
856 ## - LOKALIZACJA I DOSTĘP DO ELEKTRONICZNYCH DOKUMENTÓW ZDALNYCH
Link (URL) http://koha.tu.koszalin.pl/cgi-bin/koha/opac-detail.pl?biblionumber=52500
Tekst linku Katalog online BPK
942 ## - DODATKOWE ELEMENTY (KOHA)
Typ dokumentu Książka
Egzemplarze
Wycofany Status egzemplarza Uszkodzony Dostępność Lokalizacja stała Lokalizacja bieżąca Miejsce przechowywania Sygnatura Kod kreskowy Typ dokumentu
      Tylko na miejscu Biblioteka Politechniki Koszalińskiej Biblioteka Politechniki Koszalińskiej Czytelnia Wydziałowa ul. Kwiatkowskiego 6e 80967 02330129 Książka
© 2023 Biblioteka Politechniki Koszalińskiej :: KOHA